Identiche diversità /
Saved in:
| Andre forfattere: | |
|---|---|
| Format: | Bog |
| Sprog: | italiensk |
| Udgivet: |
Milano :
Feltrinelli,
2021
|
| Serier: | Comics
|
| Tags: |
Ingen Tags, Vær først til at tagge denne postø!
|
MARC
| LEADER | 00000nam a22000007i 4500 | ||
|---|---|---|---|
| 001 | IT\ICCU\PAR\1275800 | ||
| 003 | ItRI | ||
| 005 | 20260115232044.0 | ||
| 008 | 210716s2021 it |||||| ||||| |||||c | ||
| 020 | |a 9788807550799 | ||
| 040 | |b ita |c importazione bologna sebina | ||
| 041 | 7 | |a ita |2 ISO-639-2 | |
| 082 | |a 741.5945 |9 FUMETTI, ROMANZI A FUMETTI, FOTOROMANZI, VIGNETTE, CARICATURE, STRISCE A FUMETTI. Italia |2 23 | ||
| 130 | 0 | |a Identiche diversità |3 IT\ICCU\PCM\0024379 | |
| 245 | 0 | 0 | |a Identiche diversità / |c Giacomo Keison Bevilacqua presenta:. |
| 260 | |a Milano : |b Feltrinelli, |c 2021 | ||
| 300 | |a 1 volume (senza paginazione) : |b fumetti ; |c 24 cm | ||
| 700 | 1 | |a Keison Bevilaqua, Giacomo |0 IT\ICCU\PCMV\005434 |4 edt | |
| 830 | 0 | |a Comics |0 IT\ICCU\RT1\0089507 | |
| 942 | |2 ddc |c BK |n 0 | ||
| 952 | |0 0 |1 0 |4 0 |6 F_741_594000000000000_BEV |7 0 |9 19280 |a BO |b BO |d 2026-01-15 |i 19327 |l 0 |o F 741.594 BEV |p BO19327 |r 2026-01-15 23:20:44 |w 2026-01-15 |x [Sebina 5] [1 v.] |y BK |z 1 v. | ||
| 999 | |c 16410 |d 16410 | ||